000 00753nam a2200241Ia 4500
003 OSt
005 20220923222903.0
006 a|||||r|||| 00| 0
007 ta
008 220922b |||||||| |||| 00| 0 hin d
024 _a208,654
037 _cTextual
040 _aARTS
_cARTS
_bhin
041 _2hin
_ahin
082 _aO152,3N44,5, N2
100 _aपरवेज, मेहरुन्निसा
245 0 _aआंखो की दहलीज
246 _aĀankho kī dahalīja
260 _aदिल्ली
_b प्रतिभा प्रका0
_c1992
300 _a140पृ.
_ccm.
942 _hO152,3N44,5, N2
_cTEXL
_2CC
999 _c359241
_d359241